| 000 | 00938nam a22003017a 4500 | ||
|---|---|---|---|
| 003 | CHAP | ||
| 005 | 20220329140721.0 | ||
| 008 | 971013s1976 r 00010 d | ||
| 010 | _a56465 | ||
| 011 | _a57437 | ||
| 035 | _a61592 | ||
| 040 | _cCHAP | ||
| 082 |
_a330.15 _bS5Y |
||
| 100 | 0 | 0 |
_aSnavely, William P. _9107217 |
| 245 |
_aTeoría de los sistemas económicos _b: capitalistas, socialismo y corpartivismo |
||
| 260 |
_aMéxico, D.F. : _bFondo de Cultura Económica, _c1976 |
||
| 300 | _a329 p. | ||
| 590 |
_aBATCH-UPD _b10 _c20130110 _lUCH01 _h1003 |
||
| 590 |
_aBATCH-UPD _b10 _c20130410 _lUCH01 _h0613 |
||
| 590 |
_aBATCH-UPD _b10 _c20130914 _lUCH01 _h0844 |
||
| 590 |
_aCONVERSION _b10 _c20130109 _lUCH01 _h1330 |
||
| 650 | 1 | 4 |
_aCapitalismo. _918711 |
| 650 | 1 | 4 |
_aEconomía. _935226 |
| 650 | 1 | 4 |
_aSocialismo. _9108040 |
| 901 | _aBK | ||
| 942 | _cLIBRO | ||
| 949 |
_a330.15 S5Y _bBC _cLIBRO _d33724000313532 _eLIBRO _h58726 _i61592 _si |
||
| 999 |
_c56465 _d56465 |
||